Historia y cultura de Ayacucho

Shranjeno v:
Bibliografske podrobnosti
Main Authors: Zapata Velasco, Antonio (Author), Pereyra Chávez, Nelson (Author), Rojas Rojas, Rolando (Author)
Format: Knjiga
Jezik:španščina
Izdano: Lima UNICEF 2010
Lima DED 2010
Lima Instituto de Estudios Peruanos 2010
Izdaja:2a. ed
Serija:Miscelánea, 11
Teme:
Oznake: Označite
Brez oznak, prvi označite!

MARC

LEADER 00000cam a2200000 a 4500
001 UCF4386
003 CL-VaPUC
008 121206e20101200PE |||||||||||||||||spa|d
020 |a 9789972512834 
082 0 4 |a 985.292  |b ZAP  |2 21 
100 0 |a Zapata Velasco, Antonio  |e author  |9 565935 
700 0 |a Pereyra Chávez, Nelson  |e author  |9 565936 
700 0 |a Rojas Rojas, Rolando  |e author  |9 565937 
245 1 0 |a Historia y cultura de Ayacucho 
250 |a 2a. ed 
300 |a 292 p 
942 |c BK 
945 |d 20121206 00:00:00  |a dcastane 
260 |a Lima  |b UNICEF  |c 2010 
260 |a Lima  |b DED  |c 2010 
260 |a Lima  |b Instituto de Estudios Peruanos  |c 2010 
650 0 |a Historia del Perú   |9 430972 
650 0 |a Ciudades  |9 265474 
651 7 |a AYACUCHO  |2 CL-VaPUC  |9 446612 
583 |a last modification  |c 20121206 10:49:00  |k Rodrigo Vera 
490 0 |a Miscelánea, 11 
999 |c 350193  |d 350191 
952 |0 0  |1 0  |4 0  |6 985_292000000000000_ZAP_2010_2010_2010  |7 0  |8 X  |9 453412  |a FDOBUD  |b FDOBUD  |d 2019-11-22  |i 4930266  |o 985.292 ZAP 2010 2010 2010  |p 4930266  |r 2019-11-22  |w 2019-11-22  |y BK_X  |k BUD